| 000 | 00767nam a2200229 a 4500 | ||
|---|---|---|---|
| 001 | 000021988 | ||
| 005 | 20200930011531.0 | ||
| 008 | 100915s1971 sp 000 0 spa d | ||
| 040 |
_aDO-SdBNP _bspa _cBNPHU |
||
| 041 | 1 | 7 |
_aspa _hita _2Código de idiomas MARC |
| 082 |
_a190 _bP724q |
||
| 100 | 1 |
_aPlebe, Armando. _945580 |
|
| 240 | 1 | 0 |
_aChe cosa e´l´illuminismo. _lEspañol |
| 245 | 1 | 0 |
_aQué es verdaderamente la ilustración / _cArmando Plebe ; traducción Dolores Fonseca. |
| 260 |
_aMadrid, (España) : _bDoncel, _c1971. |
||
| 300 |
_a165 p. ; _c18 cm. |
||
| 534 |
_aTítulo original : _tChe cosa e´l´illuminismo |
||
| 650 | 4 |
_aIlustración _913184 |
|
| 650 | 4 |
_aFilosofía _ySIGLO XVIII _945581 |
|
| 700 | 1 |
_aFonseca, Dolores, _etr. _913575 |
|
| 049 | _aBNGR | ||
| 999 |
_c21486 _d21486 |
||